000
00323 a2200109 4500
001
ART_39039
005
20260410161804.0
008
260409a
245
1
0
_a
Notas en torno al avenimiento
100
1
_a
Arduino, Augusto H.L.
773
0
_t
Doctrina Societaria y Concursal
_g
- NÂș 319 (jun. 2014)
_w
REV4298
999
_c
20863
_d
20863